| 000 | 00886nac a22002531u 4500 | ||
|---|---|---|---|
| 010 | _a 99042716 | ||
| 020 | _a0632047828 | ||
| 035 | _a(DLC) 99042716 | ||
| 082 | 0 | 0 |
_a667.3 _bCHR |
| 090 |
_c7109 _d7109 |
||
| 100 | _aChristie, R. M. | ||
| 245 | 1 | 4 |
_aThe chemistry of colour application / _cR.M. Christie, R.R. Mather, R.H. Wardman. |
| 260 |
_aOsney, Mead, Oxford ; _aMalden, Mass. : _bBlackwell Science,2000 _c2000. |
||
| 300 |
_aviii, 288 p. : _bill. ; _c26 cm. |
||
| 500 | _adistributed by: al-Ahram | ||
| 504 | _aIncludes bibliographical references and index. | ||
| 511 | _acatalogued by: wessam | ||
| 650 | 0 | _aDyes and dyeing. | |
| 650 | 0 | _aColoring matter. | |
| 700 | 1 | _aMather, R. R. | |
| 700 | 1 | _aWardman, R. H. | |
| 856 | 4 | 1 |
_3Table of contents _uhttp://www.loc.gov/catdir/toc/fy033/99042716.html |
| 942 |
_cBB _k667.3CHR |
||
| 999 |
_c7109 _d7109 |
||